Cangrejos del subgénero Uca en el Pacífico colombiano (Registro nro. 15077)

Detalles MARC
000 -CABECERA
Campo de control 003030000a22001090004500
090 ## - CLASIFICACIÓN LOCAL
Colección AS
Consecutivo Seriadas
041 0# - IDIOMA
Código de idioma para texto/pista de sonido o título separado
100 1# - ASIENTO PRINCIPAL--NOMBRE PERSONAL
Nombre personal Prahl, Henry von
245 10 - MENCION DE TITULO
Título Cangrejos del subgénero Uca en el Pacífico colombiano
773 1# - Item fuente:
Título Cespedesia
Especificación de materiales 124
Descripción física 39-40
Paginas del Articulo 197-204
Lugar, editorial y fecha de publicación 1981
Información sobre la relación 10
942 ## - ELEMENTOS ADICIONALES (KOHA)
Tipo de ítem Artículo

No hay ítems disponibles.